00413nam a2200121 a 45000010005000000030005000050050017000100080041000270400020000681100011000882450168000992600024002673392CDMR20151022114202.0130130s1983||||||||||||||||||||||||||||d aCDMRbcatcCDMR2 aUnesco10aRéunion d'experts sur la coopération entre les établissements régionaux de formation dans le domaine de la communicationb: Unesco, Paris, 19-22 avril 1983 aParisc1983bUNESCO